| 000 | 00851cam a2200265 i 4500 | ||
|---|---|---|---|
| 001 | 3698498 | ||
| 003 | Ke-BoTe | ||
| 005 | 20220517103129.0 | ||
| 008 | 800624s1980 nyu b 000 0 eng | ||
| 010 | _a 79007350 | ||
| 020 | _a0871545241 | ||
| 040 |
_aDLC _cDLC _dDLC |
||
| 050 | 0 | 0 |
_aHV41 _b.L53 1980 |
| 082 | 0 | 0 | _a361.3/01 |
| 100 | 1 |
_aLipsky, Michael. _95650 |
|
| 245 | 1 | 0 |
_aStreet-level bureaucracy : _bdilemmas of the individual in public services / _cMichael Lipsky. |
| 260 |
_aNew York : _bRussell Sage Foundation, _cc1980. |
||
| 300 |
_axviii, 244 p. ; _c24 cm. |
||
| 440 | 0 |
_aPublications of Russell Sage Foundation _95651 |
|
| 504 | _aIncludes bibliographical references and index. | ||
| 650 | 0 |
_aSocial workers. _95652 |
|
| 650 | 0 |
_aSocial policy. _95653 |
|
| 906 |
_a7 _bcbc _corignew _du _eocip _f19 _gy-gencatlg |
||
| 942 |
_2lcc _cBK _n0 |
||
| 999 |
_c2744 _d2744 |
||